| 000 | 01826nam a22001577a 4500 | ||
|---|---|---|---|
| 041 | _aukr | ||
| 080 | _a09 | ||
| 090 | _bСОБ | ||
| 100 | _aСоболь Т.М. | ||
| 245 | _aСемантика фразеологізмів з компонентами-топонімами | ||
| 260 |
_aОстрог _bКАФ _c2007 |
||
| 300 | _a69 | ||
| 520 |
_aВступ
Розділ 1. Вживання топонімії у контексті фразеології.
1.1 Поняття та проблеми фразеології.
1.2 Класифікація фразеологізмів.
1.3 Власні назви в складі фразеологічних одиниць.
1.4 Ономастика та її підвиди.
1.5 Антропонімія в сучасному світі.
Розділ 2. Роль топонімії в контексті лінгвістики.
2.1 Загальне визначення топонімії.
2.2 Топонімія в сучасному світі.
2.3 Історичний вплив іншомовних народностей на розвиток англійської топонімії.
Розділ 3. Функціонально-семантичний аналіз фразеологічних одиниць з компонентами-топонімами.
3.1 Семантика англійських фразеологічних одиниць з компонентами-топонімами.
3.2 Семантика американських ФО з компонентами-топонімами.
3.3 Інші ФО з компонентами-топонімами.
Висновки
Список використаної літератури
Додатки _0фразеологія, семантика, топоніми |
||
| 650 | _aResearch Papers | ||
| 999 |
_c283966 _d283966 |
||
| 942 | _cBK | ||